000
00235nam a2200109Ia 4500
100
_a
Monday/ c.
942
_c
BK
245
_a
BROACHING
260
_b
MAchinerys Standard Reference Series
_c
2001
082
_a
621.954
546
_a
ENGLISH
999
_c
22300
_d
22300